| 000 | 00575nam a2200169Ia 4500 | ||
|---|---|---|---|
| 008 | 151213s9999 xx 000 0 und d | ||
| 020 | _a984-073996-4 | ||
| 100 | _aসরোচিষ সরকার। | ||
| 245 |
_aামুকোন্দ দাস। _cসরোচিষ সরকার। |
||
| 250 | _a১ম সং | ||
| 260 |
_aঢাকা _bবাংলা একাডেমী। _c1987 |
||
| 300 | _a4448 p. | ||
| 650 | _aBangla | ||
| 650 | _aজীবনী গ্রন্থমাল্ | ||
| 700 | _aসরোচিষ সরকার। | ||
| 999 |
_c2823 _d2823 |
||